Alternative Dispute Resolution (ADR) Mechanisms – (Record no. 121626)
[ view plain ]
| 000 -LEADER | |
|---|---|
| fixed length control field | 01086nam a22003017a 4500 |
| 008 - FIXED-LENGTH DATA ELEMENTS--GENERAL INFORMATION | |
| fixed length control field | 230721s2019 xxk|||||o|||| 00| 0 eng d |
| 041 ## - LANGUAGE CODE | |
| Language code of text/sound track or separate title | eng |
| 110 ## - MAIN ENTRY--CORPORATE NAME | |
| Corporate author | Royal Institution of Chartered Surveyors |
| 245 ## - TITLE STATEMENT | |
| Title | Alternative Dispute Resolution (ADR) Mechanisms – |
| Subtitle | Asia Pacific |
| Medium | [Electronic resource] |
| 260 ## - PUBLICATION INFORMATION | |
| Place of publication | London, |
| Publisher | Royal Institution of Chartered Surveyors, |
| Date | 2019 |
| 300 ## - PHYSICAL DESCRIPTION | |
| Physical description | 3p. |
| 490 ## - SERIES TITLE | |
| Series statement | RICS Regulation |
| 520 ## - ABSTRACT | |
| Abstract | Version 10. With effect from 2 February 2022 |
| 520 ## - ABSTRACT | |
| Abstract | A list of approved ADR mechanisms for Asia Pacific region |
| 650 ## - KEYWORDS | |
| Keywords | ALTERNATIVE DISPUTE RESOLUTION |
| 650 ## - KEYWORDS | |
| Keywords | REDRESS |
| 651 ## - SUBJECT ADDED ENTRY--GEOGRAPHIC NAME | |
| Geographic name | Asia Pacific |
| 651 ## - SUBJECT ADDED ENTRY--GEOGRAPHIC NAME | |
| Geographic name | Australia |
| 651 ## - SUBJECT ADDED ENTRY--GEOGRAPHIC NAME | |
| Geographic name | China |
| 651 ## - SUBJECT ADDED ENTRY--GEOGRAPHIC NAME | |
| Geographic name | Hong Kong |
| 651 ## - SUBJECT ADDED ENTRY--GEOGRAPHIC NAME | |
| Geographic name | India |
| 651 ## - SUBJECT ADDED ENTRY--GEOGRAPHIC NAME | |
| Geographic name | Malaysia |
| 651 ## - SUBJECT ADDED ENTRY--GEOGRAPHIC NAME | |
| Geographic name | Singapore |
| 690 ## - BROAD SUBJECT | |
| 9 (RLIN) | 6236 |
| Broad subject | Dispute resolution |
| 710 ## - ADDED CORPORATE NAME | |
| Added corporate author | Royal Institution of Chartered Surveyors |
| 856 ## - ONLINE RESOURCE | |
| Uniform Resource Identifier | <a href="https://www.rics.org/content/dam/ricsglobal/documents/standards/FAQ_Alternative_Dispute_Resolution_Providers_Asia_Pacific.pdf">https://www.rics.org/content/dam/ricsglobal/documents/standards/FAQ_Alternative_Dispute_Resolution_Providers_Asia_Pacific.pdf</a> |
| Public note | Available free on RICS.org |
| 942 ## - ADDED ENTRY ELEMENTS (KOHA) | |
| Suppress in OPAC | Do not suppress in OPAC |
| Lost status | Damaged status | Not for loan | Current library | Shelving location | Date acquired | Total Checkouts | Full call number | Date last seen | Price effective from | Koha item type |
|---|---|---|---|---|---|---|---|---|---|---|
| Virtual | Online | 21/07/2023 | ONLINE PUBLICATION | 21/07/2023 | 21/07/2023 | Online material |